Деятельность. Способности. Внутренний мир. Ч. 2 (Запись № 13692036)

Подробности
000 -МАРКЕР
контрольное поле 02269nam2a2200241 4500
001 - ИДЕНТИФИКАТОР ЗАПИСИ
контрольное поле RU\NLR\BIBL_A\022624630
005 - ИДЕНТИФИКАТОР ВЕРСИИ
контрольное поле 20260426071637.0
010 ## - МЕЖДУНАРОДНЫЙ СТАНДАРТНЫЙ НОМЕР КНИГИ (ISBN)
Номер (ISBN) 978-5-00089-758-4
Уточнения ч. 2
Тираж 100
021 ## - НОМЕР ГОСУДАРСТВЕННОЙ РЕГИСТРАЦИИ
Код страны Российская Федерация
Номер КН-П-25-046366
Номер Листа государственной регистраци КН-П-25-4499
035 ## - ДРУГИЕ СИСТЕМНЫЕ НОМЕРА
Идентификатор записи (NLR Aleph) 022624630
100 ## - ДАННЫЕ ОБЩЕЙ ОБРАБОТКИ
Данные общей обработки 20250918d2024 k y0rusy50 ca
101 0# - ЯЗЫК РЕСУРСА
Язык текста, звукозаписи и т.д. русский
-- английский
102 ## - СТРАНА ПУБЛИКАЦИИ ИЛИ ПРОИЗВОДСТВА
Страна публикации Российская Федерация
105 ## - ПОЛЕ КОДИРОВАННЫХ ДАННЫХ: ТЕКСТОВЫЕ МАТЕРИАЛЫ, МОНОГРАФИЧЕСКИЕ
Кодированные данные о монографическом текстовом документе a z 110yy
200 0# - ЗАГЛАВИЕ И СВЕДЕНИЯ ОБ ОТВЕТСТВЕННОСТИ
Основное заглавие Ч. 2
210 ## - ПУБЛИКАЦИЯ, РАСПРОСТРАНЕНИЕ И ДР.
Дата издания, распространения и т.д. 2024
215 ## - ФИЗИЧЕСКАЯ ХАРАКТЕРИСТИКА
Специфическое обозначение материала и объем 307 с.
Другие сведения о физической характеристике ил., табл.
461 #0 - УРОВЕНЬ НАБОРА
Встроенное поле 001RU\NLR\BIBL_A\022624621
-- 2001#$aДеятельность. Способности. Внутренний мир$eсборник материалов всероссийской научной психологической конференции, посвященной 85-летию академика РАО Владимира Дмитриевича Шадрикова, [21-22 ноября 2024 г.]$eв 2-х частях$fМинистерство просвещения Российской Федерации, ФГБОУ ВО "Ярославский государственный педагогический университет им. К. Д. Ушинского" [и др.]$gпод науч. ред. В. А. Мазилова, Ю. Н. Слепко$vЧ. 2
Системный номер (АБИС) связанной записи 13538726
Место публикации Ярославль
Дата публикации 2024
Первые сведения об ответственности Министерство просвещения Российской Федерации, ФГБОУ ВО "Ярославский государственный педагогический университет им. К. Д. Ушинского" [и др.]
Имя издателя, распространителя и т.д. издано в ФГБОУ ВО "Ярославский государственный педагогический университет им. К. Д. Ушинского"
Сведения, относящиеся к заглавию сборник материалов всероссийской научной психологической конференции, посвященной 85-летию академика РАО Владимира Дмитриевича Шадрикова, [21-22 ноября 2024 г.] : в 2-х частях
Заглавие Деятельность. Способности. Внутренний мир
ISBN 978-5-00089-756-0
Номер тома Ч. 2
942 ## - ДОПОЛНИТЕЛЬНЫЕ ЭЛЕМЕНТЫ ЗАПИСИ (АБИС)
Тип экземпляра АБИС Книга
980 ## - КОЛЛЕКЦИЯ
Название коллекции Национальная библиография

Нет доступных экземпляров.